Movies Quiz

Random Movies or Nintendo Quiz

Movie Stars...Behind the Scenes Quiz Stats

 Plays Quiz not verified by Sporcle

Challenge
Share
Tweet
Embed
Score 0/12 Timer 05:00
0 Plays Today
Name Job description % Correct
Marni NixonVocal stand-in
59.6%
Michael G. WilsonProducer
55.8%
Hermes PanChoreographer
50%
Yakima CanuttStuntman
46.2%
Wendy CarlosComposer
44.2%
Jack CardiffCinematographer
42.3%
Cedric GibbonsArt director
26.9%
Ruth MyersCostume designer
26.9%
Maurice BinderTitle designer
26.9%
Douglas ShearerSound recordist
15.4%
Janet HirshensonCasting director
11.5%
Sydney GuilaroffHair Stylist
7.7%

You're not logged in!

Compare scores with friends on all Sporcle quizzes.
Join for Free
OR
Log In

You Might Also Like...

Show Comments

Extras

Top Quizzes Today


Score Distribution

Your Account Isn't Verified!

In order to create a playlist on Sporcle, you need to verify the email address you used during registration. Go to your Sporcle Settings to finish the process.

Report this User

Report this user for behavior that violates our Community Guidelines.

Details: